Regionalization and security in Southern Africa / (Record no. 385)

MARC details
000 -LEADER
fixed length control field 01614cam a22003734a 4500
001 - CONTROL NUMBER
control field 12018020
003 - CONTROL NUMBER IDENTIFIER
control field OSt
005 - DATE AND TIME OF LATEST TRANSACTION
control field 20140909153932.0
008 - FIXED-LENGTH DATA ELEMENTS--GENERAL INFORMATION
fixed length control field 000523s2001 enk b 001 0 eng
010 ## - LIBRARY OF CONGRESS CONTROL NUMBER
LC control number 00040461
020 ## - INTERNATIONAL STANDARD BOOK NUMBER
International Standard Book Number 0333748441 (cloth)
040 ## - CATALOGING SOURCE
Original cataloging agency DLC
Transcribing agency DLC
Modifying agency DLC
042 ## - AUTHENTICATION CODE
Authentication code pcc
043 ## - GEOGRAPHIC AREA CODE
Geographic area code fs-----
050 00 - LIBRARY OF CONGRESS CALL NUMBER
Classification number HC900
Item number .P65 2001
082 00 - DEWEY DECIMAL CLASSIFICATION NUMBER
Classification number 337.16
Edition number 21
Item number POK 2001
100 1# - MAIN ENTRY--PERSONAL NAME
Personal name Poku, Nana,
Dates associated with a name 1971-
9 (RLIN) 1007
245 10 - TITLE STATEMENT
Title Regionalization and security in Southern Africa /
Statement of responsibility, etc. Nana Poku.
260 ## - PUBLICATION, DISTRIBUTION, ETC. (IMPRINT)
Place of publication, distribution, etc. Houndmills, Basingstoke, Hampshire ;
-- New York :
Name of publisher, distributor, etc. Palgrave,
Date of publication, distribution, etc. 2001.
300 ## - PHYSICAL DESCRIPTION
Extent xv, 164 p. ;
Dimensions 22 cm.
490 1# - SERIES STATEMENT
Series statement International political economy series
504 ## - BIBLIOGRAPHY, ETC. NOTE
Bibliography, etc Includes bibliographical references (p. 151-157) and index.
650 #0 - SUBJECT ADDED ENTRY--TOPICAL TERM
Topical term or geographic name as entry element Security, International.
9 (RLIN) 1008
651 #0 - SUBJECT ADDED ENTRY--GEOGRAPHIC NAME
Geographic name Africa, Southern
General subdivision Economic integration.
9 (RLIN) 1009
651 #0 - SUBJECT ADDED ENTRY--GEOGRAPHIC NAME
Geographic name Africa, Southern
General subdivision Dependency on foreign countries.
9 (RLIN) 1010
651 #0 - SUBJECT ADDED ENTRY--GEOGRAPHIC NAME
Geographic name Africa, Southern
General subdivision Economic conditions.
9 (RLIN) 1011
830 #0 - SERIES ADDED ENTRY--UNIFORM TITLE
Uniform title International political economy series (Palgrave (Firm))
9 (RLIN) 1006
856 42 - ELECTRONIC LOCATION AND ACCESS
Materials specified Contributor biographical information
Uniform Resource Identifier http://www.loc.gov/catdir/bios/hol058/00040461.html
856 42 - ELECTRONIC LOCATION AND ACCESS
Materials specified Publisher description
Uniform Resource Identifier http://www.loc.gov/catdir/description/hol051/00040461.html
856 41 - ELECTRONIC LOCATION AND ACCESS
Materials specified Table of contents
Uniform Resource Identifier http://www.loc.gov/catdir/toc/hol051/00040461.html
906 ## - LOCAL DATA ELEMENT F, LDF (RLIN)
a 7
b cbc
c orignew
d 1
e ocip
f 20
g y-gencatlg
942 ## - ADDED ENTRY ELEMENTS (KOHA)
Source of classification or shelving scheme Dewey Decimal Classification
Koha item type Short Loan
Holdings
Withdrawn status Lost status Source of classification or shelving scheme Damaged status Not for loan Home library Current library Date acquired Source of acquisition Inventory number Total Checkouts Full call number Barcode Date last seen Price effective from Koha item type
    Dewey Decimal Classification     MUST Main Library MUST Main Library 09/09/2014   2003/18980   337.16 POK 2001 2014-2568 09/09/2014 09/09/2014 Short Loan
    Dewey Decimal Classification     MUST Main Library MUST Main Library 09/09/2014   2003/18979   337.16 POK 2001 2014-2569 09/09/2014 09/09/2014 Short Loan